Chargement en cours...
Vāsudevakavi viracitam Vāsudevavijayam /
Classical Sanskrit poem on Krishna, Hindu deity, also, illustrating the rules of Sanskrit grammar as in Aṣṭādhyāyi of Pāṇini; based on rare manuscripts.
| Auteur principal: | |
|---|---|
| Autres auteurs: | |
| Format: | Printed Book |
| Langue: | Sanskrit |
| Publié: |
Dillī :
Nyū Bhāratīya Buka Kôraporeśana,
2010.
|
| Édition: | 1. saṃskaraṇa |
| Sujets: |
| LEADER | 01687cam a2200397 a 4500 | ||
|---|---|---|---|
| 008 | 091223s2010 ii 001 0 sano | ||
| 010 | |a 2009347475 | ||
| 016 | 7 | |a 015733646 |2 Uk | |
| 020 | |a 8183151213 | ||
| 020 | |a 9788183151214 | ||
| 025 | |a I-San-2009-347475; 11 | ||
| 035 | |a (OCoLC)494986434 | ||
| 035 | |a (OCoLC)ocn494986434 | ||
| 035 | |a (NNC)7815161 | ||
| 042 | |a lcode |a pcc | ||
| 082 | 0 | 4 | |a 891.21 |2 22 |
| 100 | 0 | |a Vāsudeva, | |
| 245 | 1 | 0 | |a Vāsudevakavi viracitam Vāsudevavijayam / |c sampādika, Pī. Śyamalā Devī. |
| 250 | |a 1. saṃskaraṇa | ||
| 260 | |a Dillī : |b Nyū Bhāratīya Buka Kôraporeśana, |c 2010. | ||
| 300 | |a xxxiii,172 p. ; |c 22 cm. | ||
| 500 | |a Includes index. | ||
| 500 | |a "The first critical edition of the grammatical poem of the Kerala poet." | ||
| 520 | |a Classical Sanskrit poem on Krishna, Hindu deity, also, illustrating the rules of Sanskrit grammar as in Aṣṭādhyāyi of Pāṇini; based on rare manuscripts. | ||
| 700 | 1 | |a Śyāmalā Devī, Pī. | |
| 942 | |2 ddc |c BK | ||
| 240 | 1 | 0 | |a Vāsudevavijaya |
| 246 | 1 | 5 | |a Vāsudevavijayam of Vāsudeva |
| 546 | |a In Sanskrit; prefatory matter in English. | ||
| 600 | 0 | 0 | |a Krishna |c (Hindu deity) |v Poetry |v Early works to 1800. |
| 900 | |a AUTH | ||
| 948 | 0 | |a 20100921 |b b |c asx1 |d OSMC | |
| 948 | 1 | |a 20121009 |b c |c ink2 |d MPS | |
| 999 | |c 250126 |d 250126 | ||
| 952 | |0 0 |1 0 |4 0 |6 891_000000000000000_21_VAS_V |7 0 |9 278296 |a SAN |b SAN |c ST1 |d 2016-06-24 |g 400.00 |i 11223 |l 1 |o 891.21, VAS/V |p SAN11223 |r 2018-10-30 |s 2018-09-05 |w 2016-06-24 |y BK | ||
| 952 | |0 0 |1 0 |4 0 |6 891_000000000000000_21_VAS_V |7 0 |9 278297 |a SAN |b SAN |c ST1 |d 2016-11-17 |g 400.00 |i 11141 |l 0 |o 891.21, VAS/V |p SAN11141 |r 2016-11-17 |w 2016-11-17 |y BK | ||